000 00714nam a22002537a 4500
001 0156
003 DO-SdBNP
005 20180130112252.0
007 0156
008 151005b 1989 ec 00| 0 spa d
020 _a9978800131
040 _aBPMSU
_bspa
_cBPMSU
092 _aXXXX
_bXXXX
245 0 0 _aLazarillo de Tormes /
_cAnónimo ; ilustración Nelson Jácome
260 _aQuito, Ecuador :
_bLibresa,
_c1989.
_g12a. reimpr.
_g14a. reimpr.
_g16a. reimpr.
300 _a49 p. :
_bil.
_c21 cm.
490 1 _aClásicos de siempre
700 1 2 _aJácome, Nelson
_eil.
830 0 _aClásicos de siempre
910 _a144
942 _2ddc
_cBK
945 _aInventariado, 2018/ YL
956 _aYngrid Lockward
_b10
_cBPMSU
999 _c9173
_d9173